Estadísticas para 12 Meses en 15 segundos

Haz click aquí para tomar la prueba!

Estadísticas generales

  • Esta prueba ha sido tomada 104.044 veces
  • La puntuación promedio es 8 de 12

Estadísticas de respuestas

Mes% Correcto
Enero
97%
Febrero
93%
Marzo
90%
Abril
88%
Mayo
84%
Junio
82%
Julio
75%
Agosto
63%
Septiembre
44%
Octubre
31%
Noviembre
22%
Diciembre
16%

Distribución de puntuación

Porcentaje por número respondido

Porcentaje de gente con cada puntuación

Historial de tus puntuaciones

No has tomado esta prueba